Bilanční analýza

Salvato in:
Dettagli Bibliografici
Autore principale: Doucha, Rudolf
Natura: Libro
Lingua:ceco
Pubblicazione: Praha Grada 1995
Edizione:1. vyd.
Soggetti:
Tags: Aggiungi Tag
Nessun Tag, puoi essere il primo ad aggiungerne!!

MARC

LEADER 00000nam a2200000 4500
001 c011973
005 20230228100501.7
020 |a 80-85623-89-7 
041 0 |a cze 
044 |a CZ 
245 1 0 |a Bilanční analýza  |c Rudolf Doucha 
250 |a 1. vyd. 
264 1 |a Praha  |b Grada  |c 1995 
300 |a 83 s. 
610 2 0 |a bilancie 
610 2 0 |a závierka účtovná konsolidovaná 
610 2 0 |a analýzy 
100 1 |a Doucha, Rudolf